| 000 | 01842cam a22005174i 4500 | ||
|---|---|---|---|
| 003 | PE-LiUPU | ||
| 005 | 20250731165523.0 | ||
| 008 | 150623s r 000 0 d | ||
| 020 | _a8476456719 | ||
| 035 | _a(Sirsi) i9788476456712 | ||
| 040 |
_aPE-LiUPU _bspa _cPE-LiUPU _erda |
||
| 049 | _aPRUA | ||
| 082 | 0 | 4 |
_a220.15 _bB23 _221 |
| 100 | 1 |
_aPayne, J. Barton, _eautor. |
|
| 245 | 1 | 0 |
_aEnciclopedia de Profecía Bíblica II : _bLa Guía Completa a las Predicciones Escriturarias y Su Cumplimiento. _n2?4cJ. Barton Payne. |
| 264 | 1 |
_aEspaña Barcelona : _bClie, _c1993. |
|
| 300 |
_a413 páginas ; _c25 centímetros |
||
| 336 |
_atext _2rdacontent |
||
| 337 |
_aunmediated _2rdamedia |
||
| 338 |
_avolume _2rdacarrier |
||
| 504 | _aIncluye bibliografia. | ||
| 505 | 0 | _aSumarios. - - Apendece estadístico. - Bibliografia. | |
| 526 | _aSEG44 | ||
| 526 | _aSEG26 | ||
| 526 | _aP151 | ||
| 526 | _aP150 | ||
| 526 | _aP149 | ||
| 526 | _aP146 | ||
| 526 | _aP145 | ||
| 526 | _aP126 | ||
| 526 | _aP125 | ||
| 526 | _aP92 | ||
| 526 | _aP75 | ||
| 526 | _aP74 | ||
| 526 | _aP27 | ||
| 526 | _aP15 | ||
| 541 | _g0001401; | ||
| 630 |
_aBiblia. _pN.T. _pApocalipsis _xProfecías. |
||
| 630 |
_aBiblia. _pN.T. _pMateo _xProfecías. |
||
| 700 | 1 | _aEscuain, Santiago, tr. | |
| 942 |
_2ddc _cBOOK |
||
| 949 |
_aRC 220.15 B23 _wDEWEY _c1 _i55041 _lCCODEBUL1 _mBUL _r0 _sY _tBOOK _u2015-6-24 _xTEOLOGIA _zUNKNOWN _0COMPRA _o.CIRCNOTE. No olvidar cambiar la fecha de devolución!!!!!!! _o.STAFF. Colección General |
||
| 994 |
_aC0 _bPEPRU |
||
| 596 | _a1 | ||
| 999 |
_aRC 220.15 B23 _wDEWEY _c35572 _i55041 _f2021-11-8 _g6 _lCCODEBUL1 _mBUL _r1 _sY _tBOOK _u2015-6-24 _xTEOLOGIA _zUNKNOWN _0COMPRA _o.CIRCNOTE. No olvidar cambiar la fecha de devolución!!!!!!! _o.STAFF. Colección General _d35572 |
||
| 980 |
_81 _gALBERTO SANCHEZ Responsable de Automatización |
||